Cálculo teórico-práctico de los elementos y grupos del vehículo industrial y automóvil / (Record no. 112410)
[ view plain ]
| 000 -LEADER | |
|---|---|
| campo de control de longitud fija | 00977nam a2200169 4500 |
| 001 - NÚMERO DE CONTROL | |
| campo de control | 112410 |
| 003 - IDENTIFICADOR DE NÚMERO DE CONTROL | |
| campo de control | ES-MaACL |
| 005 - FECHA Y HORA DE LA ÚLTIMA TRANSACCIÓN | |
| campo de control | 20230906185526.0 |
| 007 - CAMPO FIJO DE DESCRIPCIÓN FÍSICA--INFORMACIÓN GENERAL | |
| campo de control de longitud fija | t| |
| 008 - DATOS DE LONGITUD FIJA--INFORMACIÓN GENERAL | |
| campo de control de longitud fija | 061121s1974 sp r ||||1| spa d |
| 100 1# - ENTRADA PRINCIPAL--NOMBRE DE PERSONA | |
| Nombre de persona | Muñoz García, Francisco. |
| 9 (RLIN) | 84422 |
| 245 10 - MENCIÓN DEL TÍTULO | |
| Título | Cálculo teórico-práctico de los elementos y grupos del vehículo industrial y automóvil / |
| Mención de responsabilidad, etc. | Francisco Muñoz García. |
| 260 ## - PUBLICACIÓN, DISTRIBUCIÓN, ETC. | |
| Lugar de publicación, distribución, etc. | Madrid : |
| Nombre del editor, distribuidor, etc. | Dossat, |
| Fecha de publicación, distribución, etc. | 1974-1983. |
| 300 ## - DESCRIPCIÓN FÍSICA | |
| Extensión | 4 v. : |
| Otras características físicas | il ; |
| Dimensiones | 22 cm. |
| 505 8# - NOTA DE CONTENIDO CON FORMATO | |
| Nota de contenido con formato | Contiene: Vol. I. Potencia y par motor. Reparto de cargas. Cálculo de chasis.- 252 p. Vol. II. Embragues de fricción. Caja de cambios. rboles de transmisión. Trenes epicicloidales.- 329 p. Vol. III. Sistema internacional de unidades . Frenos por tambor y disco. Suspensión...Dirección. Estabilidad en marcha.- 318 p. Vol. IV. Ejes propulsores. Diferenciales. Divisores de par mecánico. Eficacia de frenado. Estudio del frenómetro..316 p. |
| 852 ## - LOCALIZACIÓN | |
| Ubicación | ES-MaACL |
| Número de control de estantería | L-11243-46 |
| Sublocalización o colección | R.91813 |
| Estatus retirado | Estado de pérdida | Estado de daño | No para préstamo | Biblioteca de origen | Biblioteca actual | Ubicación en estantería | Fecha de adquisición | Fuente de adquisición | Total de préstamos | Signatura topográfica completa | Código de barras | Visto por última vez | Precio de reemplazo | Tipo de ítem Koha |
|---|---|---|---|---|---|---|---|---|---|---|---|---|---|---|
| Biblioteca del Ateneo de Madrid | Biblioteca del Ateneo de Madrid | Depósito 2 | 17/01/2008 | L-11243-46 | 1117258 | 23/02/2023 | 23/02/2023 | Libro impreso |
